Muppets Bohemian Rhapsody Lyrics - Statistics

General Stats
  • This quiz has been taken 53 times
  • The average score is 155 of 290
Answer Stats
Answer % Correct
I
100%
a
93%
go
93%
go?
93%
go!
93%
go!!!!!
93%
Is
93%
is
93%
no
93%
No
93%
no!
93%
the
93%
this
93%
and
90%
just
90%
Just
90%
to
90%
life
87%
Mama
87%
mama
87%
mama!!
87%
mama!
87%
Mamma
87%
me!
87%
me
87%
Me!
87%
you
87%
come
83%
Come
83%
I'm
83%
boy
80%
do
80%
easy
80%
Easy
80%
fantasy
80%
in
80%
landslide
80%
little
80%
real
80%
see
80%
your
80%
blow!
77%
blow
77%
caught
77%
escape
77%
eyes
77%
from
77%
high
77%
look
77%
open
77%
poor
77%
reality
77%
up
77%
any
73%
sympathy
73%
wind
73%
matter
70%
need
70%
really
70%
skies
70%
way
70%
blows
67%
blows....
67%
'cause
67%
doesn't
67%
let
63%
Let
63%
Mia
57%
of
57%
he's
53%
family
50%
Lightning
50%
Oh
50%
oh
50%
Thunderbolt
50%
Will
50%
will
50%
Can
47%
not
47%
very
47%
dada?
43%
dada!
43%
for
43%
we
43%
fandango?
40%
galileo
40%
ha
40%
loves
40%
nobody
40%
his
37%
silhouetto
33%
spare
33%
Yeah
33%
yeah
33%
BUT
30%
figaro!
30%
him
30%
it!
30%
MOI!!!!!
30%
MONSTROSITY!!!!
30%
anyone
27%
frightning
27%
matters
27%
Nothing
27%
nothing
27%
joke
23%
joke!
23%
clam
20%
don't
20%
like
20%
out
20%
baby
17%
got
17%
jokes
17%
they're
17%
throw!
17%
throw
17%
Anywhere
13%
here!
13%
mee
13%
Mee
13%
mee!!!!
13%
Scooter?
13%
video
13%
yoohoo
13%
chief?
10%
huh!
10%
little low
10%
Remind
10%
these
10%
agh!
7%
cannot
7%
conferences
7%
gonna
7%
let's
7%
productive
7%
tonight!
7%
uh
7%
Uh
7%
We're
7%
Doo
3%
doo
3%
hee
3%
hee!
3%
Mahna
3%
MahnA
3%
ooooh
3%
Scaramous!
3%
Scaramous
3%
tell
3%
amnamnam!
0%
boundigini
0%
doooo!
0%
doot!
0%
fight!
0%
fight
0%
oooh
0%
pay
0%
setting
0%
SHEESH!
0%
stop
0%
ververy
0%
No matching quizzes found
Score Distribution
Percent of People with Each Score
Percentile by Number Answered
Your Score History
You have not taken this quiz